Formación docente en lectura y escritura: recorridos didácticos

محفوظ في:
التفاصيل البيبلوغرافية
المؤلفون الرئيسيون: Lerner de Zunino, Delia (مؤلف), Stella, Paula (مؤلف), Torres, Mirta (مؤلف)
التنسيق: كتاب
اللغة:الإسبانية
منشور في: Buenos Aires Paidós SAICF 2009
الطبعة:1a. ed
سلاسل:Voces de la Educación
الموضوعات:
الوسوم: إضافة وسم
لا توجد وسوم, كن أول من يضع وسما على هذه التسجيلة!

MARC

LEADER 00000nam a2200000 a 4500
001 UCG4030
003 CL-VaPUC
008 101004e20090000AG |||||||||||||||||spa|d
020 |a 9789501215236 
082 0 4 |a 372.4  |b LER  |2 21 
100 |a Lerner de Zunino, Delia  |e author  |9 478988 
700 0 |a Stella, Paula  |e author  |9 553338 
700 0 |a Torres, Mirta  |e author  |9 553339 
245 1 0 |a Formación docente en lectura y escritura: recorridos didácticos 
250 |a 1a. ed 
300 |a 240 p 
942 |c BK 
945 |d 20101004 00:00:00  |a mfarfan 
260 |a Buenos Aires  |b Paidós SAICF  |c 2009 
650 0 |a Métodos de enseñanza  |9 270413 
650 7 |a DOCENCIA  |2 CL-VaPUC  |9 553340 
650 0 |a Escritura  |9 264941 
650 0 |a Lectura  |9 307634 
583 |a last modification  |c 20101004 00:00:00  |k Rodrigo Vera 
490 0 |a Voces de la Educación 
999 |c 342932  |d 342930 
952 |0 0  |1 0  |4 0  |6 372_400000000000000_LER_2009  |7 0  |8 A  |9 439640  |a BIBEDU  |b BIBEDU  |c ES_NOD  |d 2019-11-22  |i 4723724  |l 1  |o 372.4 LER 2009  |p 4723724  |r 2023-09-12  |s 2023-09-12  |w 2019-11-22  |y BK  |k EPE